[Event "1st. bi-monthly Ashmaster's Cup. Over 1600 section"]
[Site "SchemingMind.com"]
[Date "2005.05.11"]
[Round "-"]
[White "Apocalypse"]
[Black "fifi"]
[Result "1-0"]
[WhiteCountry "USA"]
[BlackCountry "CAN"]
[WhiteElo "2187"]
[WhiteRD "89"]
[BlackElo "2136"]
[BlackRD "83"]
[GameID "15093"]

1. e4 c5 2. Nf3 Nc6 3. Nc3 e5 4. Bc4 Be7 5. d3 d6 6. O-O Nf6 7. Nh4 a6 8. a4 Nd4 9. Ne2 Nxe4 10. dxe4 Bxh4
11. c3 Nc6 12. Be3 O-O 13. Qd3 Be6 14. Bd5 Qe7 15. Rab1 Rac8 16. Rfd1 Na5 17. b4 c4 18. Qc2 Nb3 19. a5 g6 20. Nc1 Nxc1
21. Bxc1 Bxd5 22. Rxd5 Qe6 23. Be3 f5 24. f3 f4 25. Ba7 g5 26. Qd1 Rc6 27. b5 axb5 28. Rdxb5 Ra6 29. Bb6 Rc8 30. Rd5 Rc6
31. Rb2 g4 32. fxg4 Qg6 33. Qf3 Ra8 34. Rb1 Rf8 35. Kh1 Rf7 36. Bg1 Bd8 37. Qe2 Kh8 38. Rb4 Qe6 39. Bf2 Ra6 40. Rbb5 Rg7
41. h3 Qc8 42. Qd1 Qd7 43. Bb6 Bxb6 44. Rxb6 Rxb6 45. axb6 Qc6 46. Rxd6 Qxe4 47. Re6 Rg8 48. Kh2
1-0

[Event "1st. bi-monthly Ashmaster's Cup. Over 1600 section"]
[Site "SchemingMind.com"]
[Date "2005.05.11"]
[Round "-"]
[White "Apocalypse"]
[Black "bigfoot1"]
[Result "1-0"]
[WhiteCountry "USA"]
[BlackCountry "FRA"]
[WhiteElo "2187"]
[WhiteRD "89"]
[BlackElo "1815"]
[BlackRD "81"]
[GameID "15094"]

1. e4 e6 2. d4 d5 3. Nc3 Nf6 4. Bg5 dxe4 5. Nxe4 Be7 6. Bxf6 gxf6 7. Nf3 a6 8. g3 b5 9. Bg2 Bb7 10. Qe2 Nd7
11. O-O O-O 12. Rfd1 Bd5 13. c3 f5 14. Ned2 c5 15. dxc5 Nxc5 16. Nb3 Qc7 17. Qe5 Qb7 18. Na5 Qb6 19. Rxd5 exd5 20. Qxe7 Ne4
21. Nd4 Qxa5 22. Bxe4
1-0

[Event "1st. bi-monthly Ashmaster's Cup. Over 1600 section"]
[Site "SchemingMind.com"]
[Date "2005.05.11"]
[Round "-"]
[White "Apocalypse"]
[Black "Gordon"]
[Result "1-0"]
[WhiteCountry "USA"]
[BlackCountry "ENG"]
[WhiteElo "2187"]
[WhiteRD "89"]
[BlackElo "2083"]
[BlackRD "63"]
[GameID "15095"]

1. e4 c5 2. Nf3 d6 3. d4 cxd4 4. Nxd4 Nf6 5. Nc3 g6 6. Be3 Bg7 7. f3 O-O 8. Qd2 Nc6 9. O-O-O d5 10. exd5 Nxd5
11. Nxc6 bxc6 12. Bd4 e5 13. Bc5 Be6 14. Ne4 Re8 15. h4 Nf4 16. g3 Qxd2+ 17. Rxd2 Nh5 18. g4 Nf6 19. Bd3 Nd7 20. Be3 Nb6
21. h5 Nd5 22. Bc5 Nf4 23. h6 Bh8 24. Ba6 Bd5 25. Be3 Ne6 26. c4 Bxe4 27. fxe4 Rad8 28. Rhd1 Nd4 29. Rf2 Rd7 30. c5 Rb8
31. b3 Kf8 32. Rdf1 Ke8 33. Bc4 Rbb7 34. g5 a5 35. Bd2 Ra7 36. Bxa5
1-0

[Event "1st. bi-monthly Ashmaster's Cup. Over 1600 section"]
[Site "SchemingMind.com"]
[Date "2005.05.11"]
[Round "-"]
[White "Apocalypse"]
[Black "pschalkw"]
[Result "1-0"]
[WhiteCountry "USA"]
[BlackCountry "NED"]
[WhiteElo "2111"]
[WhiteRD "110"]
[BlackElo "1722"]
[BlackRD "84"]
[GameID "15096"]

1. e4 c5 2. Nf3 Nf6 3. Nc3 Nc6 4. Bb5 e6 5. e5 Nd5 6. O-O Nc7 7. Bxc6 dxc6 8. Ne4 Be7 9. Qe2 O-O 10. Rd1 b5
11. d3 h6 12. Be3 Na6 13. Nfd2 Bb7 14. Qg4 f5 15. exf6 Bxf6 16. c3 Kh7 17. Bxc5 Nxc5 18. Nxc5 Be7 19. Nxe6
1-0

[Event "1st. bi-monthly Ashmaster's Cup. Over 1600 section"]
[Site "SchemingMind.com"]
[Date "2005.05.11"]
[Round "-"]
[White "Apocalypse"]
[Black "Ashmaster"]
[Result "1-0"]
[WhiteCountry "USA"]
[BlackCountry "IRL"]
[WhiteElo "2187"]
[WhiteRD "89"]
[BlackElo "1432"]
[BlackRD "65"]
[GameID "15097"]

1. e4 c5 2. Nf3 d6 3. d4 cxd4 4. Nxd4 Nf6 5. Nc3 a6 6. Bg5 e5 7. Bxf6 Qxf6 8. Nd5 Qd8 9. Nf5 Bxf5 10. exf5 Qa5+
11. c3 Nd7 12. Bc4 Rc8 13. Bb3 Nb6 14. a4 Nxd5 15. Bxd5 Rc5 16. Bxf7+ Kxf7 17. b4
1-0

[Event "1st. bi-monthly Ashmaster's Cup. Over 1600 section"]
[Site "SchemingMind.com"]
[Date "2005.05.11"]
[Round "-"]
[White "Oskyrain"]
[Black "Apocalypse"]
[Result "0-1"]
[WhiteCountry "ARG"]
[BlackCountry "USA"]
[WhiteElo "2090"]
[WhiteRD "79"]
[BlackElo "2247"]
[BlackRD "86"]
[GameID "15098"]

1. d4 Nf6 2. c4 e6 3. Nc3 Bb4 4. e3 O-O 5. Nf3 c5 6. Bd2 cxd4 7. exd4 d5 8. a3 Bxc3 9. Bxc3 b6 10. c5 Ne4
11. Rc1 bxc5 12. dxc5 Nc6 13. Bd3 Nxc3 14. Rxc3 Rb8 15. b4 Qf6 16. Qc2 e5 17. Bxh7+ Kh8 18. h4 e4 19. Ng5 Ba6 20. Rhh3 Rfe8
21. Qd1 g6 22. Qxd5 e3 23. Rcxe3 Qa1+ 24. Qd1 Qxa3 25. Qd2 Qa1+ 26. Qd1 Qb2 27. Bxg6 fxg6 28. Nf7+ Kg7 29. Nd6 Qxb4+ 30. Qd2 Qb1+
31. Qd1 Rxe3+ 32. Rxe3 Qa2
0-1

[Event "1st. bi-monthly Ashmaster's Cup. Over 1600 section"]
[Site "SchemingMind.com"]
[Date "2005.05.11"]
[Round "-"]
[White "catsnack"]
[Black "Apocalypse"]
[Result "0-1"]
[WhiteCountry "AUS"]
[BlackCountry "USA"]
[WhiteElo "1960"]
[WhiteRD "84"]
[BlackElo "2247"]
[BlackRD "86"]
[GameID "15099"]

1. e4 c5 2. Nf3 d6 3. c3 Nf6 4. Bb5+ Nbd7 5. Qe2 a6 6. Bc4 b5 7. Bb3 c4 8. Bc2 Nc5 9. d4 cxd3 10. Bxd3 Bb7
11. Nbd2 Nxd3+ 12. Qxd3 Qc7 13. O-O Nd7 14. Ng5 Nc5 15. Qe2 e6 16. f4 Be7 17. Ngf3 O-O 18. e5 Rad8 19. Nb3 dxe5 20. fxe5 Bd5
21. Nbd4 Bc4
0-1

[Event "1st. bi-monthly Ashmaster's Cup. Over 1600 section"]
[Site "SchemingMind.com"]
[Date "2005.05.11"]
[Round "-"]
[White "fretless"]
[Black "Apocalypse"]
[Result "0-1"]
[WhiteCountry "NOR"]
[BlackCountry "USA"]
[WhiteElo "1962"]
[WhiteRD "71"]
[BlackElo "2187"]
[BlackRD "89"]
[GameID "15100"]

1. e4 c5 2. Nf3 Nc6 3. d4 cxd4 4. Nxd4 Qc7 5. Nc3 e6 6. Be3 a6 7. Be2 Nf6 8. O-O Be7 9. f4 d6 10. Qe1 O-O
11. Qg3 Nxd4 12. Bxd4 b5 13. a3 Bb7 14. Rfe1 d5 15. e5 Bc5 16. Bxc5 Qxc5+ 17. Kh1 Ne4 18. Nxe4 dxe4 19. c4 bxc4 20. Rac1 Bd5
21. Rc3 Qb6 22. Bxc4 Qxb2 23. f5 exf5 24. Bxd5 f4 25. Qh3 Qd2 26. Bxf7+ Rxf7 27. Rc8+ Rf8 28. Qe6+ Kh8 29. Rxf8+ Rxf8 30. Rg1 e3
0-1

[Event "1st. bi-monthly Ashmaster's Cup. Over 1600 section"]
[Site "SchemingMind.com"]
[Date "2005.05.11"]
[Round "-"]
[White "fifi"]
[Black "Apocalypse"]
[Result "1/2-1/2"]
[WhiteCountry "CAN"]
[BlackCountry "USA"]
[WhiteElo "2136"]
[WhiteRD "83"]
[BlackElo "2187"]
[BlackRD "89"]
[GameID "15101"]

1. e4 c5 2. Nf3 d6 3. d4 cxd4 4. Nxd4 Nf6 5. Nc3 a6 6. Be3 e6 7. f3 b5 8. g4 h6 9. Qd2 Nbd7 10. O-O-O Bb7
11. h4 b4 12. Na4 Qa5 13. b3 Nc5 14. a3 Rc8 15. Qxb4 Qc7 16. Kb1 Nfd7 17. Nb2 d5 18. Qd2 dxe4 19. f4 Nf6 20. Bc4 Nxg4
21. f5 Nxe3 22. Qxe3 e5 23. Ne2 Nd7 24. b4 Nb6 25. Bb3 a5 26. bxa5 Nd7 27. Qg3 Nc5 28. Nc4 Nxb3 29. cxb3 Ba6 30. Rd5 Bxc4
31. bxc4 Qxc4 32. Rxe5+ Be7 33. Rc1 Qd3+ 34. Qxd3 Rxc1+ 35. Nxc1 exd3 36. Nxd3 Kd7 37. h5 Rb8+ 38. Ka2 Bd6 39. Re4 Rb5 40. Ra4 Kc7
41. a6 Kb8 42. a7+ Ka8 43. Rd4 Rb6 44. Nb2 Bh2 45. Rd8+ Kxa7 46. Rd7+ Rb7 47. Rxb7+ Kxb7 48. Kb3 Kc6 49. Kc4 Be5 50. Nd3 Bc7=
51. Kd4 Kd7 52. Ne5+ Ke7 53. Ng4 g6 54. fxg6 fxg6 55. hxg6 Ke6 56. Ke4 Bd8 57. Nxh6 Kf6 58. g7=
1/2-1/2

[Event "1st. bi-monthly Ashmaster's Cup. Over 1600 section"]
[Site "SchemingMind.com"]
[Date "2005.05.11"]
[Round "-"]
[White "bigfoot1"]
[Black "Apocalypse"]
[Result "0-1"]
[WhiteCountry "FRA"]
[BlackCountry "USA"]
[WhiteElo "1815"]
[WhiteRD "81"]
[BlackElo "2187"]
[BlackRD "89"]
[GameID "15102"]

1. e4 c5 2. Nf3 Nc6 3. d4 cxd4 4. Nxd4 Qc7 5. Nc3 e6 6. Be3 a6 7. Qd2 Nf6 8. O-O-O Bb4 9. f3 Na5 10. Nde2 Nc4
11. Qd3 Nxe3 12. Qxe3 Bc5 13. Qg5 O-O 14. f4 Bf2 15. g3 b5 16. e5 h6 17. Qh4 Bb7 18. exf6 Bxh1 19. Nd4 Qc5 20. fxg7 Kxg7
21. f5 Qe5 22. Nxe6+ dxe6 23. Qg4+ Kh8 24. Bd3 Qe3+ 25. Kb1 Bf3
0-1

[Event "1st. bi-monthly Ashmaster's Cup. Over 1600 section"]
[Site "SchemingMind.com"]
[Date "2005.05.11"]
[Round "-"]
[White "Gordon"]
[Black "Apocalypse"]
[Result "1-0"]
[WhiteCountry "ENG"]
[BlackCountry "USA"]
[WhiteElo "2083"]
[WhiteRD "63"]
[BlackElo "2187"]
[BlackRD "89"]
[GameID "15103"]

1. e4 c5 2. Nf3 e6 3. d4 cxd4 4. Nxd4 a6 5. Nc3 b5 6. Bd3 Qb6 7. Be3 Bc5 8. Be2 Nc6 9. Nxc6 dxc6 10. Bxc5 Qxc5
11. Qd3 e5 12. Qg3 g6 13. O-O-O Nf6 14. f4 Be6 15. f5 Bc8 16. Rhf1 Qe7 17. Qh4 Rg8 18. Rd3 Ra7 19. g4 gxf5 20. exf5 b4
21. Nd1 e4 22. Rg3 Kd8 23. Ne3 Nd5 24. Qxh7 Qg5 25. Rd1 Rd7 26. h4 Rg7 27. Qh8+ Rg8 28. Qe5 Qxh4 29. Nxd5 cxd5 30. g5 Qh2
31. Rd2 Qh1+ 32. Bd1 Qf1 33. Rxd5 Re8 34. Rxd7+ Kxd7 35. Qd5+ Kc7 36. Qc5+ Kb8 37. Qxb4+ Bb7 38. Rb3 Qf4+ 39. Kb1 Qc7 40. Be2 Rh8
41. a4 Ka8 42. Qb6 Qxb6 43. Rxb6 e3 44. Rh6 Rg8 45. g6 fxg6 46. Rxg6 Rf8 47. Bd3 Bc8 48. f6 Bd7 49. b3 Be8 50. Rh6 a5
51. Kc1 Bf7 52. Kd1 Kb7 53. Ke2 Kc6 54. Kxe3 Kd5 55. Bc4+ Ke5 56. Bxf7 Rxf7 57. Rh5+ Kxf6 58. Rxa5 Ke6 59. Kd4 Rf2 60. Ra6+
1-0

[Event "1st. bi-monthly Ashmaster's Cup. Over 1600 section"]
[Site "SchemingMind.com"]
[Date "2005.05.11"]
[Round "-"]
[White "pschalkw"]
[Black "Apocalypse"]
[Result "0-1"]
[WhiteCountry "NED"]
[BlackCountry "USA"]
[WhiteElo "1722"]
[WhiteRD "84"]
[BlackElo "2111"]
[BlackRD "110"]
[GameID "15104"]

1. d4 Nf6 2. Nf3 e6 3. e3 b6 4. c4 Bb7 5. Bd3 d5 6. cxd5 exd5 7. Qa4+ Nbd7 8. Ne5 c6 9. Nxc6 Bxc6 10. Qxc6 Rc8
11. Qxc8 Qxc8
0-1

[Event "1st. bi-monthly Ashmaster's Cup. Over 1600 section"]
[Site "SchemingMind.com"]
[Date "2005.05.11"]
[Round "-"]
[White "Ashmaster"]
[Black "Apocalypse"]
[Result "0-1"]
[WhiteCountry "IRL"]
[BlackCountry "USA"]
[WhiteElo "1432"]
[WhiteRD "65"]
[BlackElo "2187"]
[BlackRD "89"]
[GameID "15105"]

1. b3 e5 2. Bb2 d6 3. e4 Nf6 4. Nc3 Nc6 5. Nf3 Be7 6. d4 O-O 7. dxe5 dxe5 8. Qxd8 Rxd8 9. Be2 Bg4 10. O-O Bb4
11. a3 Bxc3 12. Bxc3 Nxe4 13. Bb2 Nd2 14. Nxd2 Bxe2 15. Rfe1 Rxd2 16. Rac1 Rad8
0-1

[Event "1st. bi-monthly Ashmaster's Cup. Over 1600 section"]
[Site "SchemingMind.com"]
[Date "2005.05.16"]
[Round "-"]
[White "SharpNova"]
[Black "Oskyrain"]
[Result "0-1"]
[WhiteCountry "USA"]
[BlackCountry "ARG"]
[WhiteElo "1886"]
[WhiteRD "83"]
[BlackElo "2162"]
[BlackRD "89"]
[GameID "15534"]

1. e4 e5 2. d4 exd4 3. Nf3 Bb4+ 4. c3 dxc3 5. Nxc3 Nf6 6. e5 Qe7 7. Bc4 d6 8. O-O dxe5 9. Nxe5 O-O 10. Re1 Qc5
11. Qb3 Nc6 12. Nxc6 bxc6 13. Ne4 Nxe4 14. Rxe4 Bf5 15. Be3 Qd6 16. Rd4 Qe7
0-1

[Event "1st. bi-monthly Ashmaster's Cup. Over 1600 section"]
[Site "SchemingMind.com"]
[Date "2005.05.16"]
[Round "-"]
[White "SharpNova"]
[Black "catsnack"]
[Result "0-1"]
[WhiteCountry "USA"]
[BlackCountry "AUS"]
[WhiteElo "1886"]
[WhiteRD "83"]
[BlackElo "2110"]
[BlackRD "102"]
[GameID "15535"]

1. e4 c5 2. Nf3 Nc6 3. Bb5 a6 4. Bxc6 bxc6 5. O-O Qc7 6. Re1 e5 7. c3 Nf6 8. d4 cxd4 9. cxd4 d6 10. Qc2 Bg4
11. dxe5 dxe5 12. Nxe5 Bb4 13. Nd2 O-O 14. Nd3 Ba5
0-1

[Event "1st. bi-monthly Ashmaster's Cup. Over 1600 section"]
[Site "SchemingMind.com"]
[Date "2005.05.16"]
[Round "-"]
[White "SharpNova"]
[Black "fretless"]
[Result "0-1"]
[WhiteCountry "USA"]
[BlackCountry "NOR"]
[WhiteElo "1886"]
[WhiteRD "83"]
[BlackElo "1962"]
[BlackRD "71"]
[GameID "15536"]

1. e4 e5 2. f4 exf4 3. Nf3 Be7 4. Bc4 Nf6 5. e5 Ng4 6. O-O Nc6 7. d4 d5 8. exd6 Qxd6 9. Nc3 Ne3 10. Bxe3 fxe3
11. Nb5 Qd8 12. Ng5 Bxg5
0-1

[Event "1st. bi-monthly Ashmaster's Cup. Over 1600 section"]
[Site "SchemingMind.com"]
[Date "2005.05.16"]
[Round "-"]
[White "SharpNova"]
[Black "fifi"]
[Result "0-1"]
[WhiteCountry "USA"]
[BlackCountry "CAN"]
[WhiteElo "1886"]
[WhiteRD "83"]
[BlackElo "2136"]
[BlackRD "83"]
[GameID "15537"]

1. e4 c5 2. Nf3 Nc6 3. d4 cxd4 4. Nxd4 Nf6 5. Nc3 e5 6. Ndb5 d6 7. Nd5 Nxd5 8. exd5 Nb8 9. c4 Be7 10. Be2 O-O
11. O-O Bd7 12. Nc3 Na6 13. a3 f5 14. b4 Bh4 15. Bd2 f4 16. Ne4 Bf5 17. Bf3 Rc8 18. Qe2 Qd7 19. Rac1 Nc7 20. Rfd1 b6
21. Bc3 Bxe4 22. Bxe4 Ne8 23. Qd3 g6
0-1

[Event "1st. bi-monthly Ashmaster's Cup. Over 1600 section"]
[Site "SchemingMind.com"]
[Date "2005.05.16"]
[Round "-"]
[White "SharpNova"]
[Black "Apocalypse"]
[Result "0-1"]
[WhiteCountry "USA"]
[BlackCountry "USA"]
[WhiteElo "1886"]
[WhiteRD "83"]
[BlackElo "2187"]
[BlackRD "89"]
[GameID "15538"]

1. e4 c5 2. Nf3 d6 3. d4 cxd4 4. Nxd4 Nf6 5. Bb5+ Nbd7 6. Nc3 a6 7. Be2 e6 8. f4 Be7 9. O-O b5 10. Bf3 Bb7
11. Qe1 b4 12. Nd1 Qc7 13. Nf2 a5 14. a3 bxa3 15. Rxa3 O-O 16. Rc3 Nc5
0-1

[Event "1st. bi-monthly Ashmaster's Cup. Over 1600 section"]
[Site "SchemingMind.com"]
[Date "2005.05.16"]
[Round "-"]
[White "SharpNova"]
[Black "bigfoot1"]
[Result "0-1"]
[WhiteCountry "USA"]
[BlackCountry "FRA"]
[WhiteElo "1886"]
[WhiteRD "83"]
[BlackElo "1815"]
[BlackRD "81"]
[GameID "15539"]

1. e4 e6 2. d4 d5 3. Nd2 Be7 4. Bd3 c5 5. dxc5 Nc6 6. Ngf3 Nf6 7. exd5 exd5 8. Nb3 O-O 9. O-O a5 10. a4 Bg4
11. h3 Bh5 12. Be2 Ne4 13. Be3 Bxc5 14. Nxc5 Nxc5 15. Bxc5 Qg5 16. Bxf8 Re8 17. Qxd5 Re6 18. Qxc6 Rg6 19. Qf6 Qxg2#
0-1

[Event "1st. bi-monthly Ashmaster's Cup. Over 1600 section"]
[Site "SchemingMind.com"]
[Date "2005.05.16"]
[Round "-"]
[White "SharpNova"]
[Black "Gordon"]
[Result "0-1"]
[WhiteCountry "USA"]
[BlackCountry "ENG"]
[WhiteElo "1864"]
[WhiteRD "85"]
[BlackElo "2128"]
[BlackRD "59"]
[GameID "15540"]

1. e4 c5 2. Nf3 d6 3. d4 cxd4 4. Nxd4 Nf6 5. Nc3 g6 6. Be3 Bg7 7. f3 O-O 8. Qd2 Nc6 9. O-O-O d5 10. exd5 Nxd5
11. Nxc6 bxc6 12. Nxd5 cxd5 13. Qxd5 Qc7 14. Qc5 Qb8 15. c3 Be6 16. Qa5 Be5 17. h4 Bf4 18. Bxf4 Qxf4+ 19. Kb1 h5 20. Bd3 Rab8
21. Be4 Qe3
0-1

[Event "1st. bi-monthly Ashmaster's Cup. Over 1600 section"]
[Site "SchemingMind.com"]
[Date "2005.05.16"]
[Round "-"]
[White "SharpNova"]
[Black "pschalkw"]
[Result "0-1"]
[WhiteCountry "USA"]
[BlackCountry "NED"]
[WhiteElo "1886"]
[WhiteRD "83"]
[BlackElo "1700"]
[BlackRD "81"]
[GameID "15541"]

1. e4 c5 2. Nf3 Nf6 3. e5 Nd5 4. Nc3 e6 5. Nxd5 exd5 6. d4 Nc6 7. dxc5 Bxc5 8. Qxd5 Qb6 9. Bc4 Bxf2+ 10. Ke2 O-O
11. Rd1 Bc5 12. Kf1 d6 13. exd6 Be6 14. Qe4 Bxc4+ 15. Qxc4 Rad8 16. Bf4 Rd7 17. Ng5 h6 18. Ne4 Be3 19. Bxe3 Qxe3
0-1

[Event "1st. bi-monthly Ashmaster's Cup. Over 1600 section"]
[Site "SchemingMind.com"]
[Date "2005.05.17"]
[Round "-"]
[White "Oskyrain"]
[Black "SharpNova"]
[Result "1-0"]
[WhiteCountry "ARG"]
[BlackCountry "USA"]
[WhiteElo "2162"]
[WhiteRD "89"]
[BlackElo "1886"]
[BlackRD "83"]
[GameID "15543"]

1. d4 Nf6 2. c4 e6 3. Nc3 d5 4. Bg5 Be7 5. e3 O-O 6. Nf3 h6 7. Bh4 b6 8. Rc1 Bb7 9. Be2 Nbd7 10. O-O c5
11. cxd5 exd5 12. Qc2 Rc8 13. dxc5 bxc5 14. Rfd1 Qb6 15. b3 d4 16. exd4 Bxf3 17. dxc5
1-0

[Event "1st. bi-monthly Ashmaster's Cup. Over 1600 section"]
[Site "SchemingMind.com"]
[Date "2005.05.17"]
[Round "-"]
[White "catsnack"]
[Black "SharpNova"]
[Result "1-0"]
[WhiteCountry "AUS"]
[BlackCountry "USA"]
[WhiteElo "2110"]
[WhiteRD "102"]
[BlackElo "1886"]
[BlackRD "83"]
[GameID "15544"]

1. e4 c5 2. Nf3 d6 3. c3 Nf6 4. Bb5+ Nbd7 5. Qe2 a6 6. Bxd7+ Bxd7 7. d4 cxd4 8. cxd4 d5 9. Nc3 Nxe4 10. Nxe4 dxe4
11. Qxe4 Bc6 12. Qe3 Qd5 13. O-O e6 14. Qe5 Bd6 15. Qxd5
1-0

[Event "1st. bi-monthly Ashmaster's Cup. Over 1600 section"]
[Site "SchemingMind.com"]
[Date "2005.05.17"]
[Round "-"]
[White "fretless"]
[Black "SharpNova"]
[Result "1-0"]
[WhiteCountry "NOR"]
[BlackCountry "USA"]
[WhiteElo "1962"]
[WhiteRD "71"]
[BlackElo "1886"]
[BlackRD "83"]
[GameID "15545"]

1. e4 Nf6 2. e5 Nd5 3. c4 Nb6 4. d4 d6 5. f4 dxe5 6. fxe5 Nc6 7. Be3 Bf5 8. Nc3 e6 9. Nf3 Be7 10. Be2 O-O
11. O-O f6 12. Qb3 fxe5 13. dxe5
1-0

[Event "1st. bi-monthly Ashmaster's Cup. Over 1600 section"]
[Site "SchemingMind.com"]
[Date "2005.05.17"]
[Round "-"]
[White "fifi"]
[Black "SharpNova"]
[Result "1-0"]
[WhiteCountry "CAN"]
[BlackCountry "USA"]
[WhiteElo "2136"]
[WhiteRD "83"]
[BlackElo "1886"]
[BlackRD "83"]
[GameID "15546"]

1. e4 e5 2. Nf3 Nf6 3. Nxe5 d6 4. Nf3 Nxe4 5. d4 d5 6. Bd3 Bd6 7. O-O O-O 8. Re1 Re8 9. c4 c6 10. cxd5 cxd5
11. Nc3 Nxc3 12. Rxe8+ Qxe8 13. bxc3 Bg4 14. Be3 Qd7 15. Rb1 b6 16. Rb5 a6 17. Rxb6 Bxh2+ 18. Kf1 Bc7 19. Rb7 Qc8 20. Qb1 g6
21. Ng5 Bd7 22. c4 Bc6 23. Rb2 Nd7 24. Qc1 Nf6 25. cxd5
1-0

[Event "1st. bi-monthly Ashmaster's Cup. Over 1600 section"]
[Site "SchemingMind.com"]
[Date "2005.05.16"]
[Round "-"]
[White "Apocalypse"]
[Black "SharpNova"]
[Result "1-0"]
[WhiteCountry "USA"]
[BlackCountry "USA"]
[WhiteElo "2187"]
[WhiteRD "89"]
[BlackElo "1886"]
[BlackRD "83"]
[GameID "15547"]

1. e4 c5 2. Nf3 d6 3. d4 cxd4 4. Nxd4 Nf6 5. Nc3 g6 6. Be3 Bg7 7. f3 Nc6 8. Qd2 O-O 9. Bc4 Bd7 10. O-O-O Ne5
11. Bb3 Rc8 12. Kb1 Nc4 13. Bxc4 Rxc4 14. g4 Qc7 15. g5 Nh5 16. Nd5 Qd8 17. Nc6 h6 18. Nxd8 Rc6 19. Nxc6 Bg4 20. fxg4 Rd8
21. Nxd8 Bc3 22. Qxc3 Nf6 23. gxf6 a6 24. Qc8 a5 25. Ne6+ Kh7 26. Qf8 a4 27. Qg7#
1-0

[Event "1st. bi-monthly Ashmaster's Cup. Over 1600 section"]
[Site "SchemingMind.com"]
[Date "2005.05.17"]
[Round "-"]
[White "bigfoot1"]
[Black "SharpNova"]
[Result "1-0"]
[WhiteCountry "FRA"]
[BlackCountry "USA"]
[WhiteElo "1815"]
[WhiteRD "81"]
[BlackElo "1886"]
[BlackRD "83"]
[GameID "15548"]

1. e4 e6 2. d4 d5 3. Nc3 Nf6 4. Bg5 dxe4 5. Nxe4 Be7 6. Bxf6 Bxf6 7. Nf3 O-O 8. Qd2 Nd7 9. O-O-O Be7 10. Bc4 Nf6
11. Nxf6+ Bxf6 12. Rhe1 b5 13. Bb3 a5 14. Qh6 a4 15. Rxe6 a3 16. Rxf6 Ra7 17. Rg6 Ra6 18. Qxg7#
1-0

[Event "1st. bi-monthly Ashmaster's Cup. Over 1600 section"]
[Site "SchemingMind.com"]
[Date "2005.05.17"]
[Round "-"]
[White "Gordon"]
[Black "SharpNova"]
[Result "1-0"]
[WhiteCountry "ENG"]
[BlackCountry "USA"]
[WhiteElo "2128"]
[WhiteRD "59"]
[BlackElo "1864"]
[BlackRD "85"]
[GameID "15549"]

1. e4 c5 2. Nf3 d6 3. d4 cxd4 4. Nxd4 Nf6 5. Nc3 a6 6. Be3 e5 7. Nb3 Be6 8. f3 Be7 9. Qd2 O-O 10. O-O-O b5
11. g4 b4 12. Nd5 Bxd5 13. exd5 a5 14. Kb1 a4 15. Nc1 Ra5 16. Bc4 Na6 17. Bxa6 Rxa6 18. Qxb4 Qc7 19. c4 Rb8 20. Qc3 Bd8
21. h4
1-0

[Event "1st. bi-monthly Ashmaster's Cup. Over 1600 section"]
[Site "SchemingMind.com"]
[Date "2005.05.17"]
[Round "-"]
[White "pschalkw"]
[Black "SharpNova"]
[Result "0-1"]
[WhiteCountry "NED"]
[BlackCountry "USA"]
[WhiteElo "1700"]
[WhiteRD "81"]
[BlackElo "1886"]
[BlackRD "83"]
[GameID "15550"]

1. e4 c6 2. d3 d5 3. Nd2 e5 4. Ngf3 Bd6 5. Be2 Nf6 6. O-O Nbd7 7. c3 O-O 8. Re1 Re8 9. Qc2 Nf8 10. Nf1 Ng6
11. Ng3 Nf4 12. Bf1 Bg4 13. d4 Bxf3 14. gxf3 exd4 15. Bxf4 Bxf4 16. exd5 Qxd5 17. Ne4 dxc3 18. bxc3 Qf5 19. Bd3 Nxe4 20. Bxe4 Qh3
0-1